'If our neighbours have people around for a dinner party we go out - I would rather sleep on a friend's floor for the night' (Record no. 75253)
[ view plain ]
| 000 -LEADER | |
|---|---|
| fixed length control field | 01302cab a2200193 4500 |
| 001 - CONTROL NUMBER | |
| control field | L129758 |
| 008 - FIXED-LENGTH DATA ELEMENTS--GENERAL INFORMATION | |
| fixed length control field | 050518n2005 000 0 eng u |
| 035 ## - SYSTEM CONTROL NUMBER | |
| System control number | (Sirsi) u129758 |
| 041 ## - LANGUAGE CODE | |
| Language code of text/sound track or separate title | eng |
| 100 ## - MAIN ENTRY--PERSONAL NAME | |
| Personal name | Lane, Thomas |
| 245 ## - TITLE STATEMENT | |
| Title | 'If our neighbours have people around for a dinner party we go out - I would rather sleep on a friend's floor for the night' |
| 260 ## - PUBLICATION, DISTRIBUTION, ETC. | |
| Date of publication, distribution, etc. | 2005 |
| 490 ## - SERIES STATEMENT | |
| Series statement | Building |
| Volume/sequential designation | 270(8380) 6 May 2005, 26-29(4) |
| 520 ## - SUMMARY, ETC. | |
| Summary, etc. | Discusses the problems of a group of residents in a block of flats situated in the Greenwich Millennium Village who are suffering high levels of noise transmission between their apartments. This has turned into a major dispute with the developer, Greenwich Millennium Village Ltd, housebuilder Countryside Properties and warranty provider NHBC. An acoustic test was carried out in the buildings which passed the requirements of the Building Regulations 1991 Approved Document E (1992 edition) but the residents have continued to insist on further action to be taken to solve the problem. The developers have taken over one flat in order to examine the causes of the noise. |
| 590 ## - LOCAL NOTE (RLIN) | |
| Local note | IKA190505 |
| 650 ## - SUBJECT ADDED ENTRY--TOPICAL TERM | |
| Topical term or geographic name entry element | BUILDING REGULATIONS 1991 APPROVED DOCUMENT E (1992 EDITION) |
| 690 ## - LOCAL SUBJECT ADDED ENTRY--TOPICAL TERM (OCLC, RLIN) | |
| Topical term or geographic name as entry element | BUILT ENVIRONMENT-CONSTRUCTION DESIGN-ACOUSTICS |
| 942 ## - ADDED ENTRY ELEMENTS (KOHA) | |
| Suppress in OPAC | 0 |
| Withdrawn status | Lost status | Source of classification or shelving scheme | Damaged status | Not for loan | Home library | Current library | Shelving location | Date acquired | Total Checkouts | Full call number | Barcode | Date last seen | Copy number | Price effective from | Koha item type |
|---|---|---|---|---|---|---|---|---|---|---|---|---|---|---|---|
| Dewey Decimal Classification | London | London | Journal article | 18/05/2005 | L129758 | 129758-1001 | 06/08/2019 | 1 | 06/08/2019 | Journal article |